| 000 | 00637nam a2200241Ia 4500 | ||
|---|---|---|---|
| 005 | 20251020182441.0 | ||
| 008 | 200515s9999 xx 000 0 und d | ||
| 020 | _a847207-080-8 | ||
| 082 | _a528.78/A31 | ||
| 100 | _aAguilera Cascales, Angeles | ||
| 100 | _aBlecua Sánchez, José Luis | ||
| 100 | _aGarcía Conde, Fernando J. [et al.] | ||
| 245 | 0 | _aGeología en imágenes : Ejercicios y cuestiones didácticas | |
| 260 | _aMadrid | ||
| 260 | _bEditorial Rueda | ||
| 260 | _c1995 | ||
| 300 | _a129 p. | ||
| 300 | _bil., tbl., graf., col. | ||
| 500 | _a1 ejemplar | ||
| 650 | _aGEOLOGIA | ||
| 942 | _cLIB | ||
| 999 |
_c558 _d558 |
||